Twarze Łódzkiej bezpieki
| Titel: | Twarze Łódzkiej bezpieki / Instytut Pamięci Narodowej - Komisja Ścigania Zbrodni przeciwko Narodowi Polskiemu Oddział w Łódzi |
|---|---|
| Körperschaft: | |
| Veröffentlicht: | Łódz : Instytut Pamięci Narodowej - Komisja Ścigania Zbrodni przeciwko Narodowi Polskiemu Oddział w Łódzi, 2007 |
| Umfang: | 32 Seiten : Illustrationen |
| Format: | Buch |
| Sprache: | Polnisch |
X
alg: 52055795 001A $03004:09-08-24 001B $01999:09-08-24 $t22:36:13.000 001D $03004:09-08-24 001U $0utf8 001X $00 002@ $0Aau 002C $aText $btxt $2rdacontent 002D $aohne Hilfsmittel zu benutzen $bn $2rdamedia 002E $aBand $bnc $2rdacarrier 003@ $0520557956 003O $01451656208 $aOCoLC 007A $0520557956 $aHEB 010@ $apol 010E $erda 011@ $a2007 021A $aTwarze Łódzkiej bezpieki $hInstytut Pamięci Narodowej - Komisja Ścigania Zbrodni przeciwko Narodowi Polskiemu Oddział w Łódzi 029F $BHerausgeber $RInstytut Pamięci Narodowej $#Oddziałowa Komisja Ścigania Zbrodni Przeciwko Narodowi Polskiemu w Łodzi $#Oddziałowa Komisja Ścigania Zbrodni Przeciwko Narodowi Polskiemu Łódź $#Instytut Pamięci Narodowej, Oddział w Łodzi, Oddziałowa Komisja Ścigania Zbrodni Przeciwko Narodowi Polskiemu $#Oddział Instytutu Pamięci Narodowej - Komisji Ścigania Zbrodni Przeciwko Narodowi Polskiemu w Łodzi $#Instytut Pamięci Narodowej - Komisja Ścigania Zbrodni Przeciwko Narodowi Polskiemu Oddział w Łodzi $#Instytut Pamięci Narodowej Łódź $4edt $73000427-5 $8Instytut Pamięci Narodowej$bOddziałowa Komisja Ścigania Zbrodni Przeciwko Narodowi Polskiemu w Łodzi [Tb1] $9043932525 033A $pŁódz $nInstytut Pamięci Narodowej - Komisja Ścigania Zbrodni przeciwko Narodowi Polskiemu Oddział w Łódzi 034D $a32 Seiten 034M $aIllustrationen 044K $RPolen $#Polen, Ministerstwo Spraw Wewnętrznych, Służba Bezpieczeństwa $#Bezpieka Körperschaft $#MSW, SB $#Służba Bezpieczeństwa PRL $71300666773 $8Polen$bSłużba Bezpieczeństwa [Tb1] $9511237235 044K $RLitzmannstadt $#Lodz $#Łódź $#Lodsch $74074299-4 $8Lodz [Tg1] $9085209155 044K $RArbeitnehmer $RBelegschaft $RMitarbeiterin $#Employees $#Personnel $#Mitarbeiter $#Personal $#Personal $#Personal $74120744-0 $8Mitarbeiter [Ts1] $9085387053 045F $a909 $eDDC23BSB 045F/01 $a909 045F/03 $f0904 045F/03 $g438 045R $aGeschichte 1944-1990 lok: 52055795 24 exp: 52055795 24 1 #EPN 201B/01 $013-08-24 $t10:12:50.000 201C/01 $009-08-24 201U/01 $0utf8 203@/01 $01268709344 208@/01 $a13-08-24 $bz 209A/01 $aS 38282 $du $f050 $hS 38282 $x00 209C/01 $a24.04322 G $h24 04322 G 209G/01 $a74892019 $x00 220C/01 $ahae 247C/01 $8358050-7Marburg, Bibliothek des Herder-Instituts Marburg $9102600961 lok: 52055795 78 exp: 52055795 78 1 #EPN 201B/01 $008-04-26 $t08:27:39.000 201C/01 $008-04-26 201U/01 $0utf8 203@/01 $01339532212 208@/01 $a08-04-26 $be 209A/01 $a/ $f000 $x00 209A/01 $ab*p $x01 220C/01 $apgar 244Z/01 $#Generalgouvernement Polen $#Polska $#Rzeczpospolita Polska $#Polska Rzeczpospolita Ludowa $#Poland $#Pologne $#République Polonaise $#Generalne Gubernatorstwo w Polsce $#Polish People's Republic $#Polska Rzeczpospolita Polen $#PRL $#RP $#Polen Generalgouvernement $#Polska Generalgouvernement $#Besetzte Polnische Gebiete $#Besetztes Gebiet in Polen $#Okupowane Polskie Obszary $#Obszary Okupowane w Polsce $#Volksrepublik Polen $#Polska Rosyjska $#Republic Polen $#Respublika Pol'ša $#Pol'skaja Narodnaja Respublika $#République de Pologne $#Polen Links der Weichsel $#Polska po Lewej Stronie Wisły $#Lenkija $#Polija $#Gubernija Carstva Pol'skago $#Republik Polen $74046496-9 $8--Tg1--Polen $x01 $9085129801 247C/01 $82080>Marburg/Lahn, Herder-Institut, Forschungsbibliothek, Bibliographieportal $9336309341
| LEADER | 00000cam a2200000 c 4500 | ||
|---|---|---|---|
| 001 | 520557956 | ||
| 003 | DE-603 | ||
| 005 | 20240809223613.0 | ||
| 007 | tu | ||
| 008 | 240809s2007 xx |||| | u00||u|pol c | ||
| 035 | |a (DE-599)HEB520557956 | ||
| 035 | |a (OCoLC)1451656208 | ||
| 040 | |a DE-603 |b ger |c DE-603 |d DE-603 |e rda | ||
| 041 | |a pol | ||
| 082 | 0 | 4 | |8 1\u |a 909 |q DE-101 |2 23/BSB |
| 085 | |8 1\u |b 909 | ||
| 085 | |8 1\u |z 1 |s 0904 | ||
| 085 | |8 1\u |z 2 |s 438 | ||
| 245 | 0 | 0 | |a Twarze Łódzkiej bezpieki |c Instytut Pamięci Narodowej - Komisja Ścigania Zbrodni przeciwko Narodowi Polskiemu Oddział w Łódzi |
| 264 | 1 | |a Łódz |b Instytut Pamięci Narodowej - Komisja Ścigania Zbrodni przeciwko Narodowi Polskiemu Oddział w Łódzi |c 2007 | |
| 300 | |a 32 Seiten |b Illustrationen | ||
| 336 | |a Text |b txt |2 rdacontent | ||
| 337 | |a ohne Hilfsmittel zu benutzen |b n |2 rdamedia | ||
| 338 | |a Band |b nc |2 rdacarrier | ||
| 610 | 1 | 7 | |a Polen |b Służba Bezpieczeństwa |2 gnd |0 (DE-588)1300666773 |0 (DE-603)511237235 |
| 648 | 7 | |a Geschichte 1944-1990 |2 gnd | |
| 650 | 7 | |a Mitarbeiter |0 (DE-588)4120744-0 |0 (DE-603)085387053 |2 gnd | |
| 651 | 7 | |a Lodz |0 (DE-588)4074299-4 |0 (DE-603)085209155 |2 gnd | |
| 710 | 2 | |a Instytut Pamięci Narodowej |b Oddziałowa Komisja Ścigania Zbrodni Przeciwko Narodowi Polskiemu w Łodzi |e Herausgeber |4 edt |0 (DE-603)043932525 |0 (DE-588)3000427-5 |2 gnd | |
| 924 | 0 | |9 Mb 50 |a (DE-603)1268709344 |b DE-Mb50 |c HES |d c |g S 38282 | |
| 924 | 0 | |9 2080 |a (DE-603)1339532212 |b DE-2080 |c HES |d d |g / | |


